Ο περιπλανώμενος
Saved in:
| Main Author: | |
|---|---|
| Format: | Book |
| Language: | Greek English |
| Published: |
Αθήνα :
Κάκτος,
c1994, c1990.
|
| Series: | Κλασικά (Κάκτος (Εταιρεία))
|
| Subjects: | |
| Tags: |
Add Tag
No Tags, Be the first to tag this record!
|
MARC
| LEADER | 00000cam a2200000 i 4500 | ||
|---|---|---|---|
| 001 | 1/89243 | ||
| 008 | 051116s19941990gr | ||| |||| ||gre|| | ||
| 035 | |l 10081282 | ||
| 040 | |a GR-MyUa |b gre |e AACR2 | ||
| 041 | 1 | |a gre |h eng | |
| 082 | 7 | |a 894.5413 |2 (22) | |
| 100 | 1 | |a Waltari, Mika, |d 1908-1979. | |
| 245 | 1 | 2 | |a Ο περιπλανώμενος / |c Μίκα Βάλταρι ; μετάφραση Ντέμις Μπουρίτσα ; επιμέλεια Τάκης Μακρυγιάννης. |
| 260 | |a Αθήνα : |b Κάκτος, |c c1994, c1990. | ||
| 300 | |a 570 σ. ; |c 21 εκ. | ||
| 490 | 1 | |a (Κλασικά-Κάκτος) | |
| 500 | |a Τίτλος πρωτοτύπου: Mikael Hakim. | ||
| 600 | 0 | 0 | |a Sϋleyman |b I, |c Sultan of the Turks, |d 1494 or 1495-1566 |x Fiction. |
| 650 | 0 | |a Finnish fiction. | |
| 651 | 0 | |a Turkey |x History |x Sϋleyman I, 1520-1566 |x Fiction. | |
| 830 | 0 | |a Κλασικά (Κάκτος (Εταιρεία)) | |
| 852 | |a INST |b SAMOS |e 20231006 |h 894.5413 WAL |p 005300047716 |q 005300047716 |t BK |y 0 | ||
| 852 | |a INST |b SYROS |e 20051116 |h 894.5413 WAL |p 005500005122 |q 005500005122 |t BK |y 0 | ||
| 901 | |a BIBL5-2005-3 | ||
| 922 | |a 5ΕΛΗ |b 200511 |c Βιβλιοθήκη Σύρου |d Σελεφαΐς | ||
| 970 | |a Κοντού |b Παρασκευή |z 14/12/2005 | ||